Learning Resource and Development

All your perfects : (Record no. 28766)

MARC details
000 -LEADER
fixed length control field 01588cam a2200349 i 4500
001 - CONTROL NUMBER
control field 20141722
003 - CONTROL NUMBER IDENTIFIER
control field CSPC
005 - DATE AND TIME OF LATEST TRANSACTION
control field 20250207105419.0
008 - FIXED-LENGTH DATA ELEMENTS--GENERAL INFORMATION
fixed length control field 171114s2018 nyu 000 1 eng
010 ## - LIBRARY OF CONGRESS CONTROL NUMBER
LC control number 2017053852
020 ## - INTERNATIONAL STANDARD BOOK NUMBER
International Standard Book Number 9781501193323
Qualifying information (softcover)
040 ## - CATALOGING SOURCE
Original cataloging agency DLC
Language of cataloging eng
Transcribing agency DLC
Description conventions rda
Modifying agency DLC
-- CSPC
042 ## - AUTHENTICATION CODE
Authentication code pcc
050 00 - LIBRARY OF CONGRESS CALL NUMBER
Classification number PS3608.O623
Item number A45 2018
100 1# - MAIN ENTRY--PERSONAL NAME
Personal name Hoover, Colleen,
Relator term author.
245 10 - TITLE STATEMENT
Title All your perfects :
Remainder of title a novel /
Statement of responsibility, etc. Colleen Hoover.
250 ## - EDITION STATEMENT
Edition statement First Atria paperback edition.
264 #1 - PRODUCTION, PUBLICATION, DISTRIBUTION, MANUFACTURE, AND COPYRIGHT NOTICE
Place of production, publication, distribution, manufacture New York :
Name of producer, publisher, distributor, manufacturer Atria Paperback,
Date of production, publication, distribution, manufacture, or copyright notice 2018.
300 ## - PHYSICAL DESCRIPTION
Extent 308 pages ;
Dimensions 21 cm.
336 ## - CONTENT TYPE
Content type term text
Content type code txt
Source rdacontent
337 ## - MEDIA TYPE
Media type term unmediated
Media type code n
Source rdamedia
338 ## - CARRIER TYPE
Carrier type term volume
Carrier type code nc
Source rdacarrier
520 ## - SUMMARY, ETC.
Summary, etc. Colleen Hoover, #1 New York Times bestselling author of It Ends with Us, delivers her highly anticipated new novel All Your Perfects, a tour de force about a troubled marriage and the one old forgotten promise that might be able to save it.
650 #4 - SUBJECT ADDED ENTRY--TOPICAL TERM
Topical term or geographic name entry element Marriage
General subdivision Fiction.
650 #4 - SUBJECT ADDED ENTRY--TOPICAL TERM
Topical term or geographic name entry element Secrecy
General subdivision Fiction.
650 #4 - SUBJECT ADDED ENTRY--TOPICAL TERM
Topical term or geographic name entry element Married people
General subdivision Fiction.
776 08 - ADDITIONAL PHYSICAL FORM ENTRY
Relationship information Online version:
Main entry heading Hoover, Colleen, author.
Title All your perfects
Edition First Atria Books hardcover edition.
Place, publisher, and date of publication New York : Atria Books, 2018
International Standard Book Number 9781501171604
Record control number (DLC) 2017055146
906 ## - LOCAL DATA ELEMENT F, LDF (RLIN)
a 7
b cbc
c orignew
d 1
e ecip
f 20
g y-gencatlg
942 ## - ADDED ENTRY ELEMENTS (KOHA)
Source of classification or shelving scheme Dewey Decimal Classification
Suppress in OPAC No
Koha item type Books
Edition 23
Classification part 813.6
Item part H769a
Call number prefix FIC
Call number suffix 2018
Holdings
Withdrawn status Lost status Source of classification or shelving scheme Damaged status Not for loan Home library Current library Shelving location Date acquired Total Checkouts Full call number Barcode Date last seen Date last checked out Copy number Price effective from Koha item type
    Dewey Decimal Classification     Main Library Main Library Fiction Section 02/06/2025 6 FIC H769a 2018 028981 04/13/2026 03/25/2026 1-1 02/06/2025 Books